| 000 | 00848nam a22002057a 4500 | ||
|---|---|---|---|
| 008 | 250627b |||ao||| |||| 00| 0 spa d | ||
| 020 | _a9789585673939 | ||
| 040 |
_aCO-JMCR _bspa _cCO-JMCR _dCO-JMCR _erda |
||
| 041 | 0 | _aspa | |
| 082 | 0 | 4 |
_a986.1 _bD54b |
| 100 | 1 |
_aDíaz Merlano, Juan Manuel, _eautor _936432 |
|
| 245 | 1 | 0 |
_aBosques entre la tierra y el mar : _bColombia / _cJuan Manuel Díaz Merlano; fotografía de Diego Miguel Garcés Guerrero y Germán Montes Veira. |
| 264 |
_aBogotá : _bIM Editores, _bBanco de Occidente, _c©2021. |
||
| 300 |
_a205 páginas: _bIlustraciones, fotografías a color; _c34 cm. |
||
| 500 | _aContiene Glosario: página 202. | ||
| 500 | _aContiene bibliografía: página 204. | ||
| 700 | 1 |
_aDiego Miguel Garcés Guerrero _944197 |
|
| 700 | 1 |
_aMontes Veira, Germán, _944198 |
|
| 999 |
_c31028 _d17412 |
||